Ο μυθιστορηματικός ήρωας παιδικών λογοτεχνημάτων και η πρόσληψή του από τους μαθητές σύμφωνα με τη φεμινιστική θεωρία : διδακτορική διατριβή

Αποθηκεύτηκε σε:
Λεπτομέρειες βιβλιογραφικής εγγραφής
Κύριος συγγραφέας: Κουκλατζίδου, Μαρία
Συγγραφή απο Οργανισμό/Αρχή: Πανεπιστήμιο Αιγαίου. Σχολή Ανθρωπιστικών Επιστημών. Παιδαγωγικό Τμήμα Δημοτικής Εκπαίδευσης
Μορφή: Thesis Βιβλίο
Γλώσσα:Greek
Δημοσίευση: 2012
Θέματα:
Διαθέσιμο Online:http://hdl.handle.net/11610/10773
Ετικέτες: Προσθήκη ετικέτας
Δεν υπάρχουν, Καταχωρήστε ετικέτα πρώτοι!

MARC

LEADER 00000cam a2200000 i 4500
001 1/27662
008 130320s2012 gre d
035 |l 10114055 
040 |a GR-MY-UA  |b gre  |e aacr 
041 0 |a gre 
082 0 |a 889.14  |2 (22) 
100 1 |a Κουκλατζίδου, Μαρία. 
245 1 2 |a Ο μυθιστορηματικός ήρωας παιδικών λογοτεχνημάτων και η πρόσληψή του από τους μαθητές σύμφωνα με τη φεμινιστική θεωρία :  |b διδακτορική διατριβή /  |c Κουκλατζίδου Μαρία ; επιβλέπων: Γεώργιος Παπαντωνάκης 
260 |c 2012 
300 |a 332 σ.;  |b πιν.;  |c 30 εκ. 
500 |a Μέλη εξεταστικής επιτροπής: Ηλίας Αθανασιάδης ... [κ.ά.] 
502 # # |a Διατριβή (διδακτορική) – Πανεπιστήμιο Αιγαίου, Ρόδος, 2012. 
504 |a Βιβλιογραφία: σ. 283-313 
650 0 0 |a Children's literature  |x History and criticism. 
650 0 0 |a Feminist literary criticism. 
650 0 0 |a Women and literature. 
650 0 0 |a Dissertations, Academic  |z Greece. 
700 1 |a Παπαντωνάκης, Γεώργιος Δ.,   |d 1950-  |e dgs 
710 2 |a Πανεπιστήμιο Αιγαίου.   |b Σχολή Ανθρωπιστικών Επιστημών.   |b Παιδαγωγικό Τμήμα Δημοτικής Εκπαίδευσης. 
852 |a INST  |b RHODES  |c DIATR  |e 20130320  |h 889.14 ΚΟΥ  |p 005400035010  |q 005400035010  |t PHD  |y 23 
852 |a INST  |b RHODES  |c DIATR  |e 20130322  |h 889.14 ΚΟΥ  |p 005400035011  |q 005400035011  |t PHD  |y 23 
856 |u http://hdl.handle.net/11610/10773 
901 |a BIBL4-2013-1 
909 |a Ρ  |b 176532 
909 |a Ρ  |b 176533 
924 |a ΚΟΥΚΛΑΤΖΙΔΟΥ  |b ΜΑΡΙΑ  |y ΡΟΔΟΣ  |z 2012 
970 |z 2013/03/11